[Event "ISR-chT"]
[Site "Israel"]
[Date "2024.02.17"]
[Round "8.14"]
[White "Bitensky, Igor"]
[Black "Ben Ari, Yannay"]
[Result "0-1"]
[WhiteElo "2374"]
[BlackElo "2437"]
[PlyCount "78"]
[EventDate "2024.01.10"]
[EventType "team-tourn"]
[EventRounds "11"]
[EventCountry "ISR"]
[SourceTitle "CB09_2024"]
[SourceDate "2024.02.28"]
[SourceVersion "1"]
[SourceVersionDate "2024.02.28"]
[SourceQuality "1"]
[WhiteTeam "Rehovot"]
[BlackTeam "Ramat Gan Etiod"]
[WhiteTeamCountry "ISR"]
[BlackTeamCountry "ISR"]

1. e4 e5 2. Nf3 Nc6 3. Nc3 Nf6 4. h3 g6 5. Bc4 Bg7 6. d3 d6 7. a4 0-0 8. 0-0 Be6 9. a5 a6 10. Ng5 Bxc4 11. dxc4 Nd7 12. Nd5 h6 13. Nf3 f5 14. Nd2 Nd4 15. f3 c6 16. Ne3 Qg5 17. Ra3 Nc5 18. exf5 gxf5 19. Rf2 f4 20. Nef1 Qg6 21. b4 Nce6 22. c3 Ng5 23. Kh2 Nf5 24. Ra2 Rad8 25. b5 d5 26. bxa6 bxa6 27. cxd5 cxd5 28. Qb3 Kh8 29. Ba3 Rg8 30. Qb6 Bf6 31. Re2 Nxh3 32. c4 Rb8 33. Qe6 Ng5 34. Qxd5 Qh5+ 35. Kg1 Nh3+ 36. Kh2 Nf2+ 37. Kg1 Rxg2+ 38. Kxg2 Qh1+ 39. Kxf2 Bh4+ 0-1

[Event "ISR-chT"]
[Site "Israel"]
[Date "2024.02.09"]
[Round "5.20"]
[White "Greenfeld, Alon"]
[Black "Bitensky, Igor"]
[Result "1/2-1/2"]
[WhiteElo "2460"]
[BlackElo "2374"]
[PlyCount "133"]
[EventDate "2024.01.10"]
[EventType "team-tourn"]
[EventRounds "11"]
[EventCountry "ISR"]
[SourceTitle "CB09_2024"]
[SourceDate "2024.02.28"]
[SourceVersion "1"]
[SourceVersionDate "2024.02.28"]
[SourceQuality "1"]
[WhiteTeam "Beer Sheva II"]
[BlackTeam "Rehovot"]
[WhiteTeamCountry "ISR"]
[BlackTeamCountry "ISR"]

1. d4 Nf6 2. Nf3 g6 3. c4 Bg7 4. g3 d6 5. Nc3 Bf5 6. Qb3 Qc8 7. Bg2 Nc6 8. d5 Nd8 9. 0-0 Bh3 10. Qa4+ Bd7 11. Qa3 Bh3 12. Bxh3 Qxh3 13. Qa4+ c6 14. dxc6 bxc6 15. Bg5 0-0 16. Rad1 Qf5 17. Kg2 h6 18. Bxf6 Bxf6 19. Rd3 a5 20. Rfd1 Rb8 21. e4 Qc5 22. e5 dxe5 23. Ne4 Qb4 24. Qxb4 axb4 25. Nxf6+ exf6 26. Rd6 Kg7 27. Nd2 Ne6 28. Nb3 Rfc8 29. Rd7 Ra8 30. Re7 Rd8 31. Rxd8 Rxd8 32. Rb7 c5 33. Rb5 Ra8 34. Ra5 Rc8 35. a4 bxa3 36. bxa3 Rb8 37. Nxc5 Nxc5 38. Rxc5 Ra8 39. g4 Rxa3 40. f3 Rc3 41. Kf2 Rc2+ 42. Kg3 Re2 43. Rd5 f5 44. gxf5 gxf5 45. f4 f6 46. c5 Kg6 47. fxe5 fxe5 48. c6 Re3+ 49. Kf2 Rc3 50. Rxe5 Rxc6 51. Kg3 Rc3+ 52. Kf4 Rc4+ 53. Kg3 Kg5 54. h4+ Kf6 55. Ra5 h5 56. Ra6+ Ke5 57. Rh6 Rc3+ 58. Kf2 Ke4 59. Rxh5 Rc2+ 60. Kf1 Rc3 61. Kf2 Kf4 62. Rg5 Rh3 63. Rg8 Rxh4 64. Ra8 Rh2+ 65. Kf1 Kg4 66. Ra4+ f4 67. Ra3 1/2-1/2

[Event "ISR-chT"]
[Site "Israel"]
[Date "2024.01.12"]
[Round "2.26"]
[White "Bitensky, Igor"]
[Black "Zoler, Dan"]
[Result "0-1"]
[WhiteElo "2374"]
[BlackElo "2465"]
[PlyCount "70"]
[EventDate "2024.01.10"]
[EventType "team-tourn"]
[EventRounds "11"]
[EventCountry "ISR"]
[SourceTitle "CB09_2024"]
[SourceDate "2024.02.28"]
[SourceVersion "1"]
[SourceVersionDate "2024.02.28"]
[SourceQuality "1"]
[WhiteTeam "Rehovot"]
[BlackTeam "Herzliya CC"]
[WhiteTeamCountry "ISR"]
[BlackTeamCountry "ISR"]

1. e4 e5 2. Nf3 Nc6 3. Bb5 a6 4. Ba4 Nf6 5. d3 d6 6. a3 g6 7. 0-0 Bg7 8. Nc3 0-0 9. Bb3 h6 10. h3 Nd7 11. Nd5 Nc5 12. Ba2 Kh7 13. c3 f5 14. exf5 Bxf5 15. d4 exd4 16. Nxd4 Nxd4 17. cxd4 Ne6 18. Be3 Qh4 19. Rc1 c6 20. Nb6 Rae8 21. Bxe6 Rxe6 22. d5 Re4 23. Qf3 Be6 24. Qe2 Bxh3 25. Rc4 cxd5 26. Rxe4 dxe4 27. Rc1 Bg4 28. Qd2 Be5 29. g3 Qh3 30. Rc7+ Kh8 31. Qxd6 Bxd6 32. Bd4+ Rf6 33. Bxf6+ Kg8 34. Rg7+ Kf8 35. Bd4 Bxg3 0-1

[Event "ISR-chT"]
[Site "Israel"]
[Date "2023.05.12"]
[Round "11.6"]
[White "Bitensky, Igor"]
[Black "Bakalchuk, Johnatan"]
[Result "1-0"]
[WhiteElo "2370"]
[BlackElo "2442"]
[PlyCount "91"]
[EventDate "2023.01.11"]
[EventType "team-tourn"]
[EventRounds "11"]
[EventCountry "ISR"]
[SourceTitle "EXT 2024"]
[Source "ChessBase"]
[SourceDate "2023.10.10"]
[SourceVersion "1"]
[SourceVersionDate "2023.10.10"]
[SourceQuality "1"]
[WhiteTeam "Rehovot"]
[BlackTeam "Ramat Gan II"]
[WhiteTeamCountry "ISR"]
[BlackTeamCountry "ISR"]

1. e4 c5 2. Nf3 g6 3. Bc4 Bg7 4. c3 d6 5. d4 cxd4 6. cxd4 Nf6 7. Nc3 0-0 8. Bb3 Nc6 9. h3 b5 10. 0-0 b4 11. Nd5 Nxd5 12. Bxd5 Bb7 13. a3 e6 14. Ba2 bxa3 15. bxa3 Na5 16. Re1 d5 17. e5 Qd7 18. Nh2 Rfc8 19. Ng4 Qe7 20. Qf3 Rc2 21. Nf6+ Bxf6 22. exf6 Qf8 23. Qd3 Rac8 24. Bd2 Qd8 25. Re2 R2c6 26. Qf3 Ba6 27. Ree1 Rc2 28. Bb4 Nc6 29. Qf4 Nxb4 30. axb4 Bb5 31. Bb1 R2c7 32. h4 Kh8 33. Ra3 Qf8 34. Qd2 a6 35. h5 Rc4 36. Rh3 Kg8 37. hxg6 fxg6 38. Qg5 Be8 39. Ba2 Rxd4 40. Rxe6 Bf7 41. Re7 Rd8 42. Bb3 Rc8 43. Kh2 Rc6 44. f4 Rc1 45. Qe5 Re4 46. Rxf7 1-0

[Event "Ramat Gan Purim Rapid op"]
[Site "Ramat Gan"]
[Date "2023.03.06"]
[Round "1"]
[White "Bercovici, Yaniv"]
[Black "Bitensky, Igor"]
[Result "0-1"]
[WhiteElo "1680"]
[BlackElo "2375"]
[PlyCount "40"]
[EventDate "2023.03.06"]
[EventType "swiss (rapid)"]
[EventRounds "5"]
[EventCountry "ISR"]
[SourceTitle "CBM 213 Extra"]
[Source "ChessBase"]
[SourceDate "2023.05.31"]
[SourceVersion "1"]
[SourceVersionDate "2023.05.31"]
[SourceQuality "1"]

1. c4 f5 2. Nc3 Nf6 3. g3 e5 4. Bg2 g6 5. Nf3 e4 6. Nd4 Bg7 7. 0-0 0-0 8. d3 exd3 9. Qxd3 d6 10. e3 Na6 11. b3 Nc5 12. Qd1 Kh8 13. Bb2 a5 14. a3 c6 15. b4 axb4 16. axb4 Rxa1 17. Qxa1 Nd3 18. Ba3 Qe7 19. Rd1 Nxf2 20. Kxf2 Ng4+ 0-1

[Event "Ramat Gan Purim Rapid op"]
[Site "Ramat Gan"]
[Date "2023.03.06"]
[Round "2"]
[White "Bitensky, Igor"]
[Black "Gavriely, Or"]
[Result "1-0"]
[WhiteElo "2375"]
[BlackElo "2000"]
[PlyCount "204"]
[EventDate "2023.03.06"]
[EventType "swiss (rapid)"]
[EventRounds "5"]
[EventCountry "ISR"]
[SourceTitle "CBM 213 Extra"]
[Source "ChessBase"]
[SourceDate "2023.05.31"]
[SourceVersion "1"]
[SourceVersionDate "2023.05.31"]
[SourceQuality "1"]

1. Nf3 d5 2. g3 Nf6 3. Bg2 c5 4. 0-0 Nc6 5. d4 e6 6. c4 dxc4 7. Qa4 Bd7 8. Qxc4 cxd4 9. Nxd4 Rc8 10. Nc3 a6 11. Bg5 Qb6 12. Nxc6 Bxc6 13. Bxf6 gxf6 14. Rac1 Bh6 15. Rc2 0-0 16. Bxc6 Rxc6 17. Qh4 Bg7 18. Rd2 f5 19. Rfd1 Qa5 20. Rd8 Rc8 21. R8d7 b5 22. a3 Rc4 23. Qe7 Qb6 24. R1d6 Qb8 25. Rxe6 b4 26. Nd5 Rc1+ 27. Kg2 bxa3 28. bxa3 Qa8 29. e4 fxe4 30. Qg5 e3 31. Rxe3 Rc5 32. Rf3 Kh8 33. Qd2 Qc6 34. Ne7 Qa8 35. Qd3 Rc3 36. Qd5 Rxf3 37. Qxf3 Qxf3+ 38. Kxf3 Rb8 39. Nc6 Rb3+ 40. Kg2 h6 41. a4 Ra3 42. Rxf7 Rxa4 43. Ra7 Ra2 44. Nb4 Rb2 45. Nd3 Ra2 46. Nc5 Bd4 47. Ra8+ Kh7 48. Ne4 a5 49. Rd8 Be5 50. Rd5 Bg7 51. h4 a4 52. Ra5 Ra1 53. Ra7 Kg8 54. g4 a3 55. Nc5 Ra2 56. Ne6 Be5 57. Ra5 Bf6 58. g5 hxg5 59. hxg5 Bc3 60. Rc5 Bb4 61. Rb5 Rb2 62. g6 Bf8 63. Ra5 Rb6 64. Nf4 Rf6 65. Ra4 a2 66. Nh3 Rxg6+ 67. Kf1 Rh6 68. Kg2 Rg6+ 69. Kf1 Rh6 70. Ng1 Rb6 71. Rxa2 Bc5 72. Rc2 Bd4 73. Rc4 Bxf2 74. Kxf2 Rf6+ 75. Nf3 Rf5 76. Kg3 Rd5 77. Kg4 Rd1 78. Rc7 Kf8 79. Ne5 Rf1 80. Kg5 Ke8 81. Rh7 Rf2 82. Ng4 Rf1 83. Nf6+ Kd8 84. Kg6 Rf2 85. Ra7 Kc8 86. Kf7 Re2 87. Nd5 Rh2 88. Ke6 Rh6+ 89. Ke5 Kb8 90. Re7 Kc8 91. Rc7+ Kb8 92. Kd4 Rh5 93. Rf7 Rh1 94. Kc5 Rc1+ 95. Kd6 Rd1 96. Rf2 Rd3 97. Rb2+ Ka7 98. Kc7 Ra3 99. Rb7+ Ka6 100. Nb4+ Ka5 101. Nc6+ Ka6 102. Ra7+ Kb5 1-0

[Event "ISR-chT"]
[Site "Israel"]
[Date "2023.01.13"]
[Round "2.6"]
[White "Iliaguev, Nisim"]
[Black "Bitensky, Igor"]
[Result "1/2-1/2"]
[WhiteElo "2390"]
[BlackElo "2370"]
[PlyCount "94"]
[EventDate "2023.01.11"]
[EventType "team-tourn"]
[EventRounds "11"]
[EventCountry "ISR"]
[SourceTitle "CBM 212 Extra"]
[Source "ChessBase"]
[SourceDate "2023.03.31"]
[SourceVersion "1"]
[SourceVersionDate "2023.03.31"]
[SourceQuality "1"]
[WhiteTeam "Ramat Gan Etude"]
[BlackTeam "Rehovot"]
[WhiteTeamCountry "ISR"]
[BlackTeamCountry "ISR"]

1. d4 Nf6 2. Nf3 g6 3. g3 Bg7 4. Bg2 d6 5. 0-0 0-0 6. b3 a5 7. a4 c6 8. Bb2 Ne4 9. c4 f5 10. e3 Nd7 11. Qc2 Qe8 12. Nbd2 Ndf6 13. d5 Nxd2 14. Nxd2 Bd7 15. Rac1 Kh8 16. Rfe1 cxd5 17. cxd5 b5 18. axb5 Rc8 19. Qb1 Bxb5 20. Qa1 Rxc1 21. Rxc1 a4 22. bxa4 Bxa4 23. e4 fxe4 24. Nxe4 Bd7 25. Rc7 Bf5 26. Ng5 Nh5 27. Bxg7+ Nxg7 28. Qa7 Qb8 29. Qxb8 Rxb8 30. h3 Re8 31. Bf1 Kg8 32. g4 h6 33. gxf5 hxg5 34. fxg6 Nh5 35. Bb5 Rb8 36. Bd3 Kf8 37. Be4 Rb4 38. f3 Nf6 39. g7+ Kf7 40. Kg2 Rb2+ 41. Kg3 Rb3 42. Bf5 Nh5+ 43. Kg4 Nxg7 44. Be4 Ne8 45. Rc8 Nf6+ 46. Kxg5 Nxe4+ 47. fxe4 Rxh3 1/2-1/2

[Event "ISR-chT"]
[Site "Israel"]
[Date "2022.03.04"]
[Round "9.6"]
[White "Vydeslaver, Alik"]
[Black "Bitensky, Igor"]
[Result "0-1"]
[WhiteElo "2376"]
[BlackElo "2368"]
[PlyCount "98"]
[EventDate "2022.01.14"]
[EventType "team-tourn"]
[EventRounds "11"]
[EventCountry "ISR"]
[SourceTitle "EXT 2023"]
[Source "ChessBase"]
[SourceDate "2022.10.05"]
[SourceVersion "1"]
[SourceVersionDate "2022.10.05"]
[SourceQuality "1"]
[WhiteTeam "Beer Sheva II"]
[BlackTeam "Rehovot"]
[WhiteTeamCountry "ISR"]
[BlackTeamCountry "ISR"]

1. Nf3 Nf6 2. c4 g6 3. g3 Bg7 4. Bg2 0-0 5. 0-0 d6 6. d4 Nc6 7. Nc3 Bf5 8. d5 Na5 9. Nd2 c5 10. e4 Bd7 11. Rb1 a6 12. Qe2 e6 13. b3 exd5 14. cxd5 b5 15. Nd1 b4 16. Ne3 Re8 17. Qd3 Bb5 18. Nec4 Ra7 19. Qc2 Rae7 20. f3 Nxc4 21. bxc4 Bd7 22. Nb3 a5 23. Bf4 Bc8 24. g4 Qb6 25. Rfe1 Ba6 26. Bg3 Nd7 27. f4 g5 28. fxg5 Ne5 29. Bxe5 Bxe5 30. Rf1 Qd8 31. Qd3 Ra7 32. h4 h6 33. gxh6 Qxh4 34. Rf3 Qxh6 35. Rh3 Qg6 36. Nxa5 Bc8 37. Nc6 Rxa2 38. Nxe5 Rxe5 39. Rg3 Qg5 40. Qe3 Ba6 41. Rc1 Kg7 42. Kh2 Rd2 43. Kh3 Rd4 44. Qxg5+ Rxg5 45. Bf1 Rxe4 46. Bd3 Rd4 47. Be2 Rd2 48. Bf1 Bc8 49. Ra1 Rh5# 0-1

[Event "Ramat Gan Maccabi"]
[Site "Ramat Gan"]
[Date "2021.08.05"]
[Round "5"]
[White "Kupervaser, Erez"]
[Black "Bitensky, Igor"]
[Result "0-1"]
[WhiteElo "2384"]
[BlackElo "2363"]
[PlyCount "94"]
[EventDate "2021.08.01"]
[EventType "swiss"]
[EventRounds "5"]
[EventCountry "ISR"]
[SourceTitle "EXT 2022"]
[Source "ChessBase"]
[SourceDate "2021.10.06"]
[SourceVersion "1"]
[SourceVersionDate "2021.10.06"]
[SourceQuality "1"]

1. e4 e5 2. Nf3 d6 3. d4 exd4 4. Nxd4 Nf6 5. Nc3 Be7 6. g3 0-0 7. Bg2 Re8 8. 0-0 Bf8 9. h3 c6 10. Bf4 Nbd7 11. Nf5 Ne5 12. g4 h6 13. b3 b5 14. Re1 b4 15. Ne2 d5 16. Ned4 Ng6 17. Be3 dxe4 18. Nxc6 Qc7 19. Ncd4 Ba6 20. g5 hxg5 21. Bxg5 Nh7 22. h4 Nxg5 23. hxg5 Qf4 24. Qc1 Qg4 25. Re3 Qxg5 26. Rxe4 Qf6 27. Qe3 Rxe4 28. Qxe4 Rd8 29. Qc6 Qxc6 30. Nxc6 Rd2 31. a3 bxa3 32. b4 Bb7 33. Rxa3 Bxc6 34. Bxc6 Rxc2 35. Be4 Rc7 36. Ra4 Nf4 37. b5 Ne2+ 38. Kg2 Nc3 39. Rd4 Nxb5 40. Rd8 g6 41. Ne3 Kg7 42. Ra8 Bc5 43. Nd5 Rd7 44. Nf4 Nc3 45. Bxg6 Rd4 46. Nd3 Bb6 47. Bxf7 Rxd3 0-1

[Event "ISR-chT"]
[Site "Israel"]
[Date "2021.04.22"]
[Round "1.2"]
[White "Bitensky, Igor"]
[Black "Golod, Vitali"]
[Result "1/2-1/2"]
[WhiteElo "2369"]
[BlackElo "2501"]
[PlyCount "42"]
[EventDate "2021.04.22"]
[EventType "team-tourn"]
[EventRounds "11"]
[EventCountry "ISR"]
[SourceTitle "EXT 2022"]
[Source "ChessBase"]
[SourceDate "2021.10.06"]
[SourceVersion "1"]
[SourceVersionDate "2021.10.06"]
[SourceQuality "1"]
[WhiteTeam "Petah Tikva Hapoel"]
[BlackTeam "Ashdod Elite"]
[WhiteTeamCountry "ISR"]
[BlackTeamCountry "ISR"]

1. e4 c5 2. Nc3 e6 3. Nge2 Nc6 4. d4 cxd4 5. Nxd4 d6 6. g3 Bd7 7. Bg2 Nf6 8. 0-0 a6 9. Nxc6 Bxc6 10. a4 Be7 11. a5 0-0 12. Be3 Rc8 13. Re1 Nd7 14. Na4 Qe8 15. b3 f5 16. exf5 Bxg2 17. Kxg2 Rxf5 18. Nb6 Nxb6 19. Bxb6 Bd8 20. Bxd8 Rxd8 21. Kg1 Qg6 1/2-1/2

[Event "Titled Tuesday intern op 06th Oct"]
[Site "Chess.com INT"]
[Date "2020.10.06"]
[Round "6"]
[White "Bitensky, Igor"]
[Black "Przybylski, Wojciech"]
[Result "0-1"]
[WhiteElo "2383"]
[BlackElo "2321"]
[PlyCount "86"]
[EventDate "2020.10.06"]
[EventType "swiss (blitz)"]
[EventRounds "10"]
[EventCountry "USA"]
[SourceTitle "CBM 198 Extra"]
[Source "ChessBase"]
[SourceDate "2020.11.30"]
[SourceVersion "1"]
[SourceVersionDate "2020.11.30"]
[SourceQuality "1"]

1. Nf3 Nf6 2. g3 d5 3. Bg2 Bg4 4. 0-0 c6 5. d3 Nbd7 6. Nbd2 e6 7. h3 Bh5 8. e4 Bc5 9. Qe1 dxe4 10. dxe4 0-0 11. e5 Nd5 12. Ne4 Be7 13. c4 Nb4 14. g4 Bg6 15. Qe2 Nc5 16. Rd1 Qa5 17. Nxc5 Bxc5 18. Nh4 Bc2 19. Rd2 Rad8 20. a3 Nd3 21. Rxc2 Bxf2+ 22. Qxf2 Nxf2 23. Rxf2 Qe1+ 24. Bf1 Rd1 25. Nf3 Qe4 26. b4 h6 27. Bb2 Rfd8 28. Rxd1 Rxd1 29. Kg2 Qb1 30. Be2 Rd7 31. Bd4 b6 32. c5 Qe4 33. cxb6 Rxd4 34. bxa7 Rd8 35. Ba6 Qe3 36. Re2 Qxa7 37. b5 cxb5 38. Bxb5 Qxa3 39. Bc4 Qc3 40. Bb5 Rb8 41. Bd7 h5 42. gxh5 Qd3 43. Bc6 Qxe2+ 0-1

[Event "Titled Tuesday intern op 30th June"]
[Site "Chess.com INT"]
[Date "2020.06.30"]
[Round "7"]
[White "Cagara, Paulina"]
[Black "Bitensky, Igor"]
[Result "0-1"]
[WhiteElo "2054"]
[BlackElo "2386"]
[PlyCount "102"]
[EventDate "2020.06.30"]
[EventType "swiss (blitz)"]
[EventRounds "10"]
[EventCountry "USA"]
[SourceTitle "CBM 197 Extra"]
[Source "ChessBase"]
[SourceDate "2020.09.30"]
[SourceVersion "1"]
[SourceVersionDate "2020.09.30"]
[SourceQuality "1"]

1. e4 b6 2. d4 Bb7 3. Nc3 e6 4. Be3 Bb4 5. Bd3 Nf6 6. f3 0-0 7. Nge2 c5 8. a3 cxd4 9. Bxd4 Bc5 10. Bxc5 bxc5 11. e5 Nd5 12. Nxd5 exd5 13. 0-0 Nc6 14. Nf4 Nxe5 15. Bf5 Qg5 16. Nxd5 Bxd5 17. Qxd5 Qxf5 18. f4 Rae8 19. fxe5 Qxe5 20. Qxd7 Qxb2 21. Qxa7 Qxc2 22. Rac1 Qd3 23. Qxc5 Re2 24. Rc3 Qe4 25. Rg3 g6 26. Qb4 Qd5 27. a4 Rc8 28. Rgf3 f5 29. Qb3 Qxb3 30. Rxb3 Rcc2 31. Rg3 Ra2 32. h4 Rxa4 33. h5 Kf7 34. hxg6+ hxg6 35. Rb3 Raa2 36. Rg3 Kf6 37. Kh2 g5 38. Kh3 f4 39. Rg4 Re3+ 40. Rf3 Rxf3+ 41. gxf3 Rf2 42. Rg2 Rxf3+ 43. Kg4 Re3 44. Rb2 Re6 45. Rb5 Re1 46. Rf5+ Ke6 47. Rxg5 Rf1 48. Rg6+ Ke5 49. Rg5+ Ke4 50. Rg8 Rg1+ 51. Kh3 Rxg8 0-1

[Event "Titled Tuesday intern op 16th June"]
[Site "Chess.com INT"]
[Date "2020.06.16"]
[Round "2"]
[White "Kairbekova, Amina"]
[Black "Bitensky, Igor"]
[Result "0-1"]
[WhiteElo "2065"]
[BlackElo "2386"]
[PlyCount "76"]
[EventDate "2020.06.16"]
[EventType "swiss (blitz)"]
[EventRounds "10"]
[EventCountry "USA"]
[SourceTitle "EXT 2021"]
[Source "ChessBase"]
[SourceDate "2020.10.23"]
[SourceVersion "1"]
[SourceVersionDate "2020.10.23"]
[SourceQuality "1"]

1. e4 g6 2. d4 Bg7 3. Bc4 e6 4. Nf3 Ne7 5. 0-0 0-0 6. e5 d6 7. Bg5 h6 8. Bh4 Nd7 9. Qe2 g5 10. Bg3 Nf5 11. c3 Nxg3 12. fxg3 dxe5 13. dxe5 Qe7 14. Kh1 b6 15. Qe4 Nc5 16. Qxa8 Bb7 17. Qxa7 Ra8 18. Qxa8+ Bxa8 19. Nbd2 g4 20. Nd4 Bxe5 21. Rae1 Qd6 22. N2b3 Ne4 23. Bd3 Nxg3+ 24. hxg3 Bxg3 25. Re3 h5 26. Be4 Bf4 27. Re2 Bxe4 28. Rxe4 e5 29. Nf5 Qd3 30. Rfe1 g3 31. Nh4 Qc2 32. Nf3 Qxb2 33. Rxf4 exf4 34. Re8+ Kg7 35. Rc8 Qb1+ 36. Ng1 Qxa2 37. Nd4 Qc4 38. Ndf3 Qxc3 0-1

[Event "Titled Tuesday intern op 16th June"]
[Site "Chess.com INT"]
[Date "2020.06.16"]
[Round "8"]
[White "Skuhala, Barbara"]
[Black "Bitensky, Igor"]
[Result "1/2-1/2"]
[WhiteElo "2095"]
[BlackElo "2386"]
[PlyCount "95"]
[EventDate "2020.06.16"]
[EventType "swiss (blitz)"]
[EventRounds "10"]
[EventCountry "USA"]
[SourceTitle "EXT 2021"]
[Source "ChessBase"]
[SourceDate "2020.10.23"]
[SourceVersion "1"]
[SourceVersionDate "2020.10.23"]
[SourceQuality "1"]

1. e4 g6 2. d4 Bg7 3. Nc3 d6 4. Nf3 a6 5. Be3 b5 6. Qd2 Bb7 7. Bd3 Nd7 8. Ne2 Ngf6 9. Ng3 Ng4 10. Bg5 h6 11. Bf4 g5 12. Be3 e6 13. h4 Nxe3 14. Qxe3 g4 15. Nd2 h5 16. c3 c5 17. 0-0-0 Qb6 18. d5 Bh6 19. Qe2 c4 20. Bc2 Nc5 21. Kb1 0-0-0 22. f3 Bf4 23. Ngf1 g3 24. Ne3 Kb8 25. Rh3 Rhe8 26. Ndf1 exd5 27. Nxd5 Bxd5 28. Rxd5 Nd3 29. Bxd3 cxd3 30. Qxd3 Qf2 31. a4 Qxg2 32. axb5 Qxh3 33. bxa6 Qd7 34. Rb5+ Ka7 35. Rb7+ Qxb7 36. axb7 g2 37. Qd4+ Kxb7 38. Qf2 Rg8 39. Qg1 gxf1Q+ 40. Qxf1 Be5 41. Qb5+ Kc7 42. Qc4+ Kd7 43. Qxf7+ Kc6 44. Qc4+ Kd7 45. Qf7+ Kc6 46. Qc4+ Kb6 47. Qb4+ Kc6 48. Qc4+ 1/2-1/2

[Event "ISR-chT"]
[Site "Israel"]
[Date "2020.02.15"]
[Round "8.6"]
[White "Bitensky, Igor"]
[Black "Golod, Vitali"]
[Result "0-1"]
[WhiteElo "2377"]
[BlackElo "2503"]
[PlyCount "94"]
[EventDate "2020.01.10"]
[EventType "team-tourn"]
[EventRounds "11"]
[EventCountry "ISR"]
[SourceTitle "CBM 194 Extra"]
[Source "ChessBase"]
[SourceDate "2020.03.31"]
[SourceVersion "1"]
[SourceVersionDate "2020.03.31"]
[SourceQuality "1"]
[WhiteTeam "Petah Tikva Hapoel"]
[BlackTeam "Ashdod Elite"]
[WhiteTeamCountry "ISR"]
[BlackTeamCountry "ISR"]

1. e4 c5 2. Nf3 d6 3. Bb5+ Nd7 4. 0-0 a6 5. Bd3 Ngf6 6. c3 Ne5 7. Nxe5 dxe5 8. Bc2 e6 9. d3 Bd6 10. a4 b6 11. Nd2 Bc7 12. Nf3 Bb7 13. Qe2 Qe7 14. Bg5 Rc8 15. Rac1 h6 16. Bh4 g5 17. Bg3 Nd7 18. d4 exd4 19. cxd4 cxd4 20. Nxd4 Qf6 21. Rcd1 Be5 22. Bxe5 Nxe5 23. Bb3 0-0 24. Qe3 Rfd8 25. h3 Nc4 26. Bxc4 Rxc4 27. e5 Qe7 28. b3 Rc5 29. Ne2 Qc7 30. Rxd8+ Qxd8 31. Nc3 Kg7 32. f4 Qc7 33. fxg5 Rxc3 34. gxh6+ Kh7 35. Qg5 Qc5+ 36. Kh2 Qf8 37. Qf6 Rc5 38. Qxe6 fxe6 39. Rxf8 Bd5 40. g4 Kxh6 41. b4 Rc4 42. Kg3 Rc3+ 43. Kf2 Rxh3 44. Rb8 Ra3 45. Rxb6 Rxa4 46. b5 axb5 47. Rxb5 Rxg4 0-1

[Event "ISR-chT"]
[Site "Israel"]
[Date "2020.01.18"]
[Round "4.4"]
[White "Bitensky, Igor"]
[Black "Oratovsky, Michael"]
[Result "1-0"]
[WhiteElo "2377"]
[BlackElo "2434"]
[PlyCount "99"]
[EventDate "2020.01.10"]
[EventType "team-tourn"]
[EventRounds "11"]
[EventCountry "ISR"]
[SourceTitle "CBM 194 Extra"]
[Source "ChessBase"]
[SourceDate "2020.03.31"]
[SourceVersion "1"]
[SourceVersionDate "2020.03.31"]
[SourceQuality "1"]
[WhiteTeam "Petah Tikva Hapoel"]
[BlackTeam "Petah Tikva Elitzur Maarav"]
[WhiteTeamCountry "ISR"]
[BlackTeamCountry "ISR"]

1. e4 d6 2. d4 Nf6 3. Nc3 e5 4. Nf3 Nbd7 5. Bc4 Be7 6. 0-0 0-0 7. a4 c6 8. h3 exd4 9. Qxd4 Nc5 10. Rd1 a5 11. Bf4 Be6 12. Bg3 h6 13. Bxe6 Nxe6 14. Qe3 Ne8 15. Ne2 Kh7 16. Rd2 Qc8 17. Rad1 Nc5 18. Nfd4 Nxa4 19. b3 Nc5 20. Nf5 Bg5 21. f4 Bd8 22. Kh1 Bc7 23. Bh4 f6 24. Neg3 Qe6 25. Nd4 Qf7 26. Nf3 a4 27. e5 axb3 28. exd6 Bxd6 29. Nf5 b2 30. Nxd6 Nxd6 31. Rxd6 Ra1 32. Qxc5 Rc1 33. Qa3 b1Q 34. Rxc1 Qba2 35. Qd3+ Qg6 36. f5 Qgf7 37. Rd1 Qfc4 38. Qxc4 Qxc4 39. Nd4 Rf7 40. Bg3 c5 41. Ne6 Qxc2 42. R1d5 c4 43. Rd8 Qe4 44. Rc5 g5 45. Nd4 Re7 46. Kh2 h5 47. Rxc4 h4 48. Bd6 b5 49. Rb4 Ra7 50. Nxb5 1-0

[Event "ISR-chT"]
[Site "Israel"]
[Date "2020.01.10"]
[Round "1.4"]
[White "Bronstein, Or"]
[Black "Bitensky, Igor"]
[Result "1/2-1/2"]
[WhiteElo "2428"]
[BlackElo "2377"]
[PlyCount "145"]
[EventDate "2020.01.10"]
[EventType "team-tourn"]
[EventRounds "11"]
[EventCountry "ISR"]
[SourceTitle "CBM 194 Extra"]
[Source "ChessBase"]
[SourceDate "2020.03.31"]
[SourceVersion "1"]
[SourceVersionDate "2020.03.31"]
[SourceQuality "1"]
[WhiteTeam "Rishon Le Zion Feldklein"]
[BlackTeam "Petah Tikva Hapoel"]
[WhiteTeamCountry "ISR"]
[BlackTeamCountry "ISR"]

1. d4 Nf6 2. c4 g6 3. Nc3 Bg7 4. e4 d6 5. Be2 0-0 6. Be3 Nbd7 7. Nf3 e5 8. 0-0 c6 9. d5 Ng4 10. Bd2 Ngf6 11. Qc2 Kh8 12. b4 c5 13. a3 b6 14. g3 Ng8 15. Nh4 Bh6 16. Rae1 f5 17. exf5 Bxd2 18. Qxd2 gxf5 19. f4 exf4 20. Rxf4 Ne5 21. Qb2 Ne7 22. Rf2 N7g6 23. Ng2 Bd7 24. Qd2 Qe7 25. Nd1 Qg7 26. Kh1 Rf6 27. Ref1 Raf8 28. Qc3 Qh6 29. Nf4 Nxf4 30. Rxf4 Ng6 31. R4f2 Kg8 32. Ne3 f4 33. Ng4 Bxg4 34. Bxg4 Ne5 35. Be6+ Kh8 36. gxf4 Rxf4 37. Rxf4 Rxf4 38. Rg1 Qf8 39. Rg8+ Qxg8 40. Bxg8 Kxg8 41. bxc5 bxc5 42. Qb3 Kg7 43. Qb8 Nxc4 44. Qxa7+ Kg6 45. Qe7 Kf5 46. h4 Ne5 47. Qxh7+ Kg4 48. Kg2 Rd4 49. Qh6 Kf5 50. Qg5+ Ke4 51. h5 c4 52. h6 c3 53. h7 Rd2+ 54. Kf1 Rh2 55. Qg3 c2 56. Qc3 Kxd5 57. Qxc2 Rxc2 58. h8Q Rc4 59. Qa8+ Kd4 60. a4 Nc6 61. a5 Kc5 62. a6 Ra4 63. Qc8 d5 64. Ke2 d4 65. Kd3 Rxa6 66. Qf8+ Kb6 67. Qd6 Ra4 68. Qf8 Ra5 69. Qd6 Rc5 70. Kd2 Kb5 71. Qf8 Re5 72. Qf7 Kc5 73. Qf8+ 1/2-1/2